[Event "AUT-ch Open 2020"]
[Site "Graz"]
[Date "2020.02.14"]
[Round "1.20"]
[White "Konstantinidis, Konstantinos"]
[Black "Rathnakaran, K.."]
[Result "0-1"]
[WhiteElo "2063"]
[BlackElo "2334"]
[Annotator "TA"]
[PlyCount "54"]
[EventDate "2020.02.14"]
[EventType "swiss"]
[EventCountry "AUT"]
[SourceTitle "playchess.com"]
[Source "ChessBase"]
[SourceQuality "1"]

{[%evp 15,56,43,79,54,57,6,46,37,51,19,37,17,22,8,24,8,34,27,25,-34,-28,-45,-37,-33,-34,-164,-140,-144,-118,-410,-420,-408,-399,-386,-385,-402,-380,-422,-376,-802,-784,-1075,-1063]} 1. e4 e6 2. d4 d5 3. Bd3 Nf6 4. e5 Nfd7 5. c3 c5 6. Ne2 Nc6 7. Nd2 Qb6 8. Nf3 f6 {[%cal Rf6e5]} 9. exf6 {C06: French Tarrasch: 3...Nf6 4 e5 Nfd7 5 Bd3 main lines.} Nxf6 10. a3 {[#]} (10. O-O $14) 10... c4 $146 ({Predecessor:} 10... a5 11. O-O c4 12. Bc2 Bd6 13. Re1 O-O 14. Bf4 Qc7 15. Bxd6 Qxd6 16. Ng3 Qf4 {0-1 (45) Zivkovic,N (2198)-Vasic,Z (2081) Nis 2012}) 11. Bc2 {White is slightly better.} Bd6 12. Rb1 Qc7 13. Bg5 O-O 14. O-O Bd7 15. Ng3 h6 16. Bxf6 Rxf6 17. Qe2 (17. Nh5 $11) 17... Raf8 $15 18. Rbe1 {[#]} Rxf3 $1 {[%mdl 512]} 19. gxf3 (19. Qxf3 Rxf3) 19... e5 20. Qd1 ({Better is} 20. f4 $1 $15 exd4 21. Qh5) 20... exd4 $19 21. cxd4 Rf4 22. Be4 $2 {[%mdl 8192]} (22. b3 $17) 22... dxe4 23. Rxe4 Rf8 24. Rfe1 b5 25. Kg2 Nd8 {[%cal Bc6d8,Bd8f7,Bf7g5][%mdl 32]} 26. d5 Nf7 27. Qd4 $2 (27. f4) 27... Bc5 {Played: Nf7-g5} 0-1

[Event "AUT-ch Open 2020"]
[Site "Graz"]
[Date "2020.02.14"]
[Round "1.21"]
[White "Horvath, Dominik"]
[Black "Ochedzan, Tymon"]
[Result "1-0"]
[WhiteElo "2450"]
[BlackElo "2163"]
[Annotator "TA"]
[PlyCount "117"]
[EventDate "2020.02.14"]
[EventType "swiss"]
[EventCountry "AUT"]
[SourceTitle "playchess.com"]
[Source "ChessBase"]
[SourceQuality "1"]

{[%evp 20,117,32,22,37,9,23,13,28,22,34,30,28,34,50,35,62,0,0,0,0,0,26,18,18,0,0,0,0,0,19,24,18,0,163,163,218,223,901,307,306,267,297,285,385,385,383,376,353,291,277,246,388,271,256,250,252,257,288,285,336,352,456,427,1661,1886,1444,1513,1513,0,410,0,1464,1266,1121,1089,12820,12823,29996,467,475,488,558,495,483,421,5800,1920,1999,1056,12847,12847,12851,27999,12851,27999,12851,27999,12851,27999]} 1. d4 Nf6 2. Nf3 g6 3. g3 Bg7 4. Bg2 O-O 5. O-O d6 6. b3 Nbd7 7. Bb2 c5 8. c4 a6 9. Nc3 Rb8 10. dxc5 Nxc5 11. Nd4 Ne6 {E65: King's Indian: Fianchetto: 6...c5 7 0-0 without d5 by White.} 12. e3 Nxd4 13. exd4 Bd7 {The position is equal.} 14. Re1 b5 15. c5 b4 16. Na4 Bxa4 17. bxa4 e6 18. a3 (18. d5 $14) 18... Nd5 19. Bxd5 exd5 20. cxd6 a5 21. axb4 axb4 22. a5 Qxd6 23. a6 Ra8 24. a7 Qb6 25. Re7 Rfd8 26. Qg4 {Qf4 is the strong threat.} h5 $2 {[#]} (26... Bf6 $11 {and Black has nothing to worry.} 27. Rd7 Kg7) 27. Qf4 $1 $18 {[%cal Rf4f7]} Bf6 {[#]} (27... Rf8 {might work better.} 28. Qc7 Qf6) 28. Qc7 $1 $40 {[%mdl 128] White wants a kill.} Bxd4 $2 (28... Qxc7 29. Rxc7 Re8) 29. Qxb6 $2 (29. Qf4 Bxf2+ 30. Qxf2 Qxf2+ 31. Kxf2) 29... Bxb6 30. Ra6 Bc5 31. Rc7 Bf8 32. Bf6 Re8 33. Rb6 Bg7 34. Bxg7 Kxg7 35. Rxb4 {[%mdl 4096] Endgame KRR-KRR} Re1+ 36. Kg2 {Black must now prevent Rf4.} Ra1 37. Rbb7 Kf6 38. Rxf7+ Ke5 39. Kh3 d4 40. Kh4 d3 {intending ...d2.} 41. Kg5 Ra6 (41... Kd4 $142 42. Rbd7+ (42. Kxg6 Rd8 $11) 42... Kc3) 42. Rbd7 Ke4 43. Rf4+ Ke5 44. Rff7 (44. Rf3 $142 {[%cal Rf3e3]} Ke6 45. Rfxd3) 44... Ke4 $1 45. Rf4+ (45. Rfe7+ $142 Kf3 46. Rxd3+ Kxf2 47. Rd2+ Kf1 48. Rb7) 45... Ke5 46. f3 {[%csl Gf3][%cal Rf4e4]} Ke6 47. Rxd3 {White wants to mate with Rf6+.} R6xa7 48. Rf6+ Ke5 49. Re3+ (49. Rfd6 $142 Ra5 50. R3d4 Rf8 51. f4+ Rxf4 52. gxf4#) 49... Kd4 50. Re4+ Kd5 51. Rxg6 Ra2 52. h4 R8a3 (52... Rh8 $142 53. Rf4 Rh2 54. Rf5+ Kc4 55. Rc6+ Kd4) 53. Rf4 Rf2 54. Kxh5 Rfxf3 55. Rxf3 Rxf3 56. Kg4 Rf8 57. Kg5 Ke5 58. g4 Rh8 59. h5 {Accuracy: White = 84%, Black = 52%.} 1-0

[Event "AUT-ch Open 2020"]
[Site "Graz"]
[Date "2020.02.14"]
[Round "1.21"]
[White "Mis, Mieszko"]
[Black "Hafner, Robert"]
[Result "1-0"]
[WhiteElo "2334"]
[BlackElo "2053"]
[Annotator "TA"]
[PlyCount "61"]
[EventDate "2020.02.14"]
[EventType "swiss"]
[EventCountry "AUT"]
[SourceTitle "playchess.com"]
[Source "ChessBase"]
[SourceQuality "1"]

{[%evp 14,61,-10,-14,0,-7,0,0,17,12,17,17,17,14,20,15,29,21,16,0,19,9,115,103,169,160,260,259,255,243,288,283,537,516,593,589,593,591,572,556,584,572,798,764,753,706,685,624,29987,295]} 1. d4 d5 2. c4 c6 3. Nf3 Nf6 4. Qc2 Bg4 5. Nbd2 e6 6. g3 Be7 7. Bg2 Nbd7 8. O-O O-O {D02: 1 d4 d5 2 Nf3 sidelines, including 2...Nf6 3 g3 and 2...Nf6 3 Bf4.} 9. e4 Nxe4 10. Nxe4 dxe4 {The position is equal.} 11. Qxe4 Bf5 12. Qe2 {[#]} Re8 $146 ({Predecessor:} 12... Nf6 13. h3 Qa5 14. Bd2 Qc7 15. Bf4 Bd6 16. Bxd6 Qxd6 17. Rfd1 Rad8 18. Nh4 Rfe8 {½-½ (26) Cawston,M (1813)-Taylor,R (1673) Llandudno 2019}) 13. Bf4 Qa5 14. a3 Rad8 15. Rfd1 Qa6 16. Bf1 b6 17. b4 c5 (17... Qa4 $11 {remains equal.}) 18. dxc5 $16 bxc5 (18... Qa4 $16) 19. Bc7 $18 Bf6 (19... Qc8 $16 {was called for.} 20. Bxd8 Bxd8) 20. Bxd8 Rxd8 21. Ra2 {[%cal Ba1a2,Ba2d2,Bd2d7][%mdl 32]} Bg4 22. Rad2 Qxa3 $2 {[#]} (22... Qc8 {is a better defense.} 23. h3 Bf5) 23. Rxd7 Rxd7 24. Rxd7 Qxf3 25. Qxf3 Bxf3 26. bxc5 {[%cal Bb4c5,Bc5c6][%mdl 32] KRB-KB} a5 27. Bg2 Bxg2 28. Kxg2 {[#] Threatens to win with c6.} Kf8 29. c6 {Intending c7 and mate.} Ke8 30. Ra7 {Black must now prevent Ra8+.} Bc3 31. Ra8+ {Accuracy: White = 100%, Black = 38%.} 1-0

[Event "AUT-ch Open 2020"]
[Site "Graz"]
[Date "2020.02.14"]
[Round "1.22"]
[White "Giacomini, Hector"]
[Black "Kilgus, Georg"]
[Result "0-1"]
[WhiteElo "2161"]
[BlackElo "2450"]
[Annotator "TA"]
[PlyCount "130"]
[EventDate "2020.02.14"]
[EventType "swiss"]
[EventCountry "AUT"]
[SourceTitle "playchess.com"]
[Source "ChessBase"]
[SourceQuality "1"]

{[%evp 9,130,0,0,0,0,0,27,-14,-10,-14,-8,-29,-21,-29,-31,-34,-28,-29,-37,-54,-55,-48,-15,-4,-19,-23,16,0,0,0,0,0,208,202,170,22,29,-47,19,9,30,0,27,-25,-23,-33,-34,-53,-59,-37,0,-41,0,0,0,-46,0,-69,-59,-68,-12,-43,0,-60,-52,-108,-111,-106,-109,-92,-81,-66,0,0,0,0,0,0,0,0,0,0,0,0,0,0,0,0,0,0,0,-384,-336,-345,-347,-329,-345,-340,-340,-338,-323,-229,-223,-762,-789,-29955,-29954,-29943,-5604,-10086,-7491,-29966,-29962,-29945,-29952,-29982,-29983,-29983,-29984,-29984,-29985,-29985,-29986]} 1. Nf3 c5 2. e3 d5 3. d4 Nf6 4. Nbd2 cxd4 5. exd4 Nc6 6. Be2 {D04: Colle System.} Bf5 7. c3 Qc7 8. O-O {White has an edge.} (8. Nh4 $5 {[%cal Rh4f5]} Bd7 9. O-O $11) 8... h6 9. Re1 e6 10. Nf1 Bd6 11. Ng3 Bh7 12. Bd3 Bxd3 13. Qxd3 O-O-O {[#]} 14. Be3 $146 ({Predecessor:} 14. b4 Kb8 15. a4 Rc8 16. a5 Ne7 17. Bd2 Qc4 18. Qb1 g5 19. b5 Ng6 20. b6 {0-1 (39) Malbasic,L-Mercorelli,P (1971) ICCF email 2014}) 14... Kb8 15. Rac1 Rc8 16. b3 g5 17. c4 Qa5 18. Bd2 Qa6 ({Don't blunder} 18... Qxa2 $2 19. Ra1 $18) 19. Qb1 Ba3 20. Rc2 Qb6 $2 (20... Rc7 $11) 21. c5 $18 Qb5 {[#]} 22. Bc3 (22. b4 $1 $18 {[%mdl 512]}) 22... Bb4 23. Qd1 (23. Bxb4 $11 Nxb4 24. Rc3) 23... Bxc3 (23... g4 $1 $15 24. Ne5 Nxe5 25. Rxe5 Bxc3 26. Rxc3 h5) 24. Rxc3 $11 Qb4 25. Rd3 b6 26. cxb6 (26. a3 $142 Qxa3 27. b4) 26... axb6 27. Ne5 Nxe5 28. dxe5 Nd7 29. Rd4 Qc3 30. Rd3 (30. Ne4 $5 {[%cal Re4c3]} Qc2 31. Nd6 $11 {[%mdl 64] Double Attack}) 30... Qc2 31. Qf3 $1 Rc7 32. Rde3 Rhc8 33. R3e2 (33. Rf1 $11) 33... Qg6 $15 34. h3 Nc5 ({Black should play} 34... Kb7 $15) 35. Rd1 Nd7 36. Rde1 Rc2 37. Kh2 ({White should try} 37. Rxc2 $15 Rxc2 38. Ne2) 37... R8c3 $17 38. Qg4 Kb7 39. Qa4 Nc5 40. Qe8 Nd3 (40... Na6 $1 $15) 41. Rxc2 $11 Rxc2 42. Re3 g4 43. Rxd3 Qxd3 44. Qxf7+ {[%mdl 4096] Endgame KQR-KQN} Ka6 45. hxg4 Rxa2 46. Qxe6 Rxf2 {Threatens to win with ...Qf3.} 47. Qc8+ Ka5 48. Qa8+ Kb4 {White must now prevent ...b5.} 49. Qa4+ Kc3 {And now ...Kb2 would win.} 50. Nf5 $2 {[%mdl 8192]} (50. Qa1+ $11 {and White has nothing to worry.} Rb2 51. Qg1) 50... Qe4 51. Qxe4 dxe4 $19 {KR-KN} 52. e6 {Strongly threatening e7.} Ra2 {...Kd3 is the strong threat.} 53. e7 Ra8 54. Kg3 {intending Kf4.} Re8 55. Kf4 {[#]} Kd3 $1 56. b4 $2 (56. g5 e3 57. Nxe3 hxg5+ 58. Kxg5 Rxe7 59. Nf5) 56... b5 57. g3 {[#]} e3 $1 {[%cal Re3e2][%mdl 576] Deflection} 58. Nxe3 Rxe7 59. Nf5 Re6 60. Kf3 Kc4 {Black mates.} 61. Kf4 Kxb4 62. g5 hxg5+ 63. Kxg5 Kc3 64. Ng7 Re1 65. Nf5 b4 {Accuracy: White = 65%, Black = 76%.} 0-1

[Event "AUT-ch Open 2020"]
[Site "Graz"]
[Date "2020.02.14"]
[Round "1.22"]
[White "Pacher, Simon"]
[Black "Zadruzny, Nicolaj"]
[Result "1/2-1/2"]
[WhiteElo "2051"]
[BlackElo "2334"]
[Annotator "TA"]
[PlyCount "80"]
[EventDate "2020.02.14"]
[EventType "swiss"]
[EventCountry "AUT"]
[SourceTitle "playchess.com"]
[Source "ChessBase"]
[SourceQuality "1"]

{[%evp 15,80,-5,-5,0,-5,-2,10,-15,-10,-8,-5,-36,-17,-20,0,-10,-2,-45,-32,-379,-364,-381,-379,-270,-68,-92,-72,-408,-416,-395,-385,-343,-211,-179,-182,-227,57,45,53,43,22,31,42,47,156,142,176,192,197,101,118,0,0,0,0,0,0,0,0,0,0,0,0,0,0,0,0]} 1. e4 e5 2. Nf3 Nc6 3. Bb5 Nf6 4. O-O Nxe4 5. Re1 Nd6 6. Bxc6 dxc6 7. Nxe5 Be7 8. d4 O-O 9. b3 {C67: Ruy Lopez: Berlin Defence: 4 0-0 Nxe4.} Nf5 10. Bb2 Re8 {[#]} 11. c3 $146 ({Predecessor:} 11. Qd3 Bf6 12. f4 a5 13. Nd2 Nd6 14. c4 a4 15. Re2 Bf5 16. Qf3 axb3 17. axb3 Rxa1+ 18. Bxa1 {0-1 (52) Denisov,I (2251)-Cifka,S (2403) Prague 2011}) 11... a5 12. Nd2 a4 13. Ndf3 Be6 14. Nd3 Bd6 15. c4 Nh4 16. Nfe5 f6 $36 {[%mdl 2048] Black has the initiative.} 17. Nf3 $2 {[%mdl 8192]} (17. Ng4 $1 $15) 17... Bg4 $19 {Threatens to win with ...Bxf3.} 18. Rxe8+ Qxe8 19. Nde1 {[#]} Qe4 $2 (19... Nxg2 $1 $19 {[%mdl 512]} 20. Kxg2 (20. Nxg2 $2 Qh5 $19) 20... Qh5) 20. h3 Bh5 {aiming for ...Bb4.} 21. g4 $2 {[%mdl 8192] [#]} (21. c5 $17 {is a better chance.} Nxf3+ 22. gxf3 Qg6+ 23. Ng2) 21... Bxg4 $1 {[%mdl 512]} 22. hxg4 Qxg4+ 23. Kf1 Re8 24. Ng1 {[#]} Qg6 $1 {[%mdl 1024] Black has strong compensation.} 25. Bc1 {[#]} Bh2 $2 (25... Qf5 $1 $19 {White must now prevent ...Bh2.} 26. Ng2 Bg3) 26. Ngf3 $14 Qg4 {( -> ...Qh3+)} 27. Be3 Qh3+ 28. Ke2 Bf4 $1 29. Kd2 Ng6 (29... Bxe3+ $1 $14 30. fxe3 g5) 30. Nd3 $16 Re4 31. Nxf4 ({Don't play} 31. bxa4 $6 Bxe3+ 32. fxe3 Nh4 $16) 31... Nxf4 32. Qh1 (32. Ne1 $18) 32... Qf5 33. Re1 ({White should try} 33. Qf1 $16) 33... Qa5+ {The position is equal.} 34. Kd1 {Strongly threatening Nd2.} axb3 35. axb3 Qa1+ 36. Kc2 Qa2+ 37. Kc3 {Ra1 is the strong threat.} Qa5+ $1 38. Kc2 $1 Qa2+ 39. Kc3 {Hoping for Ra1.} Qa5+ $1 40. Kc2 $1 {And now Nd2 would win.} Qa2+ {Accuracy: White = 62%, Black = 69%.} 1/2-1/2

[Event "AUT-ch Open 2020"]
[Site "Graz"]
[Date "2020.02.14"]
[Round "1.23"]
[White "Blohberger, Felix"]
[Black "Simonetto, Andrea"]
[Result "1/2-1/2"]
[WhiteElo "2448"]
[BlackElo "2158"]
[Annotator "RC"]
[PlyCount "104"]
[EventDate "2020.02.14"]
[EventType "swiss"]
[EventCountry "AUT"]
[SourceTitle "playchess.com"]
[Source "ChessBase"]
[SourceQuality "1"]
[TimeControl "40/5400+30:1800+30"]

1. e4 {[%emt 0:00:00]} c6 {[%emt 0:00:00]} 2. Nf3 {[%emt 0:00:00]} d5 {[%emt 0:00:00]} 3. Nc3 {[%emt 0:00:00]} Nf6 {[%emt 0:00:00]} 4. e5 {[%emt 0:00:27]} Ne4 {[%emt 0:00:00]} 5. Ne2 {[%emt 0:00:45]} Qb6 {[%emt 0:00:02]} 6. d4 {[%emt 0:00:07]} e6 {[%emt 0:00:26]} 7. Ng3 {[%emt 0:00:07]} c5 {[%emt 0:00:15]} 8. c3 {[%emt 0:00:25]} Nc6 {[%emt 0:01:29]} 9. Bd3 {[%emt 0:01:49]} Nxg3 {[%emt 0:01:12]} 10. hxg3 {[%emt 0:00:06]} Bd7 {[%emt 0:03:12]} 11. dxc5 {[%emt 0:05:52]} Bxc5 {[%emt 0:01:08]} 12. Qe2 {[%emt 0:00:25]} a5 {[%emt 0:06:10]} 13. g4 {[%emt 0:03:51]} Ne7 {[%emt 0:06:50]} 14. Rb1 {[%emt 0:08:46]} a4 {[%emt 0:14:04]} 15. b4 {[%emt 0:09:07]} axb3 {[%emt 0:00:20]} 16. axb3 {[%emt 0:00:05]} Qc7 {[%emt 0:01:01]} 17. g5 {[%emt 0:15:57]} Ng6 {[%emt 0:05:52]} 18. O-O {[%emt 0:14:38]} O-O {[%emt 0:02:53]} 19. g3 {[%emt 0:05:41]} Bb6 {[%emt 0:03:17]} 20. Bb2 {[%emt 0:09:23]} Rfd8 {[%emt 0:03:48]} 21. Ra1 {[%emt 0:05:03]} Be8 {[%emt 0:11:23]} 22. Kg2 {[%emt 0:04:43]} Qe7 {[%emt 0:02:46]} 23. Rxa8 {[%emt 0:04:45]} Rxa8 {[%emt 0:00:19]} 24. Bc1 {[%emt 0:01:35]} Qc7 {[%emt 0:02:17]} 25. Bxg6 {[%emt 0:06:20]} hxg6 {[%emt 0:01:08]} 26. Be3 {[%emt 0:00:05]} Rc8 {[%emt 0:04:13]} 27. Rc1 {[%emt 0:00:50]} Bc5 {[%emt 0:08:27]} 28. Bxc5 {[%emt 0:00:36]} Qxc5 {[%emt 0:00:01]} 29. Nd4 {[%emt 0:00:25]} Bd7 {[%emt 0:01:36]} 30. Qd3 {[%emt 0:00:36]} Qe7 {[%emt 0:01:44]} 31. Qe3 {[%emt 0:00:27]} Qc5 {[%emt 0:01:13]} 32. Qd2 {[%emt 0:00:12]} Bb5 {[%emt 0:03:18]} 33. Rc2 {[%emt 0:00:36]} Bd7 {[%emt 0:00:46]} 34. Kh2 {[%emt 0:00:25]} Qc7 {[%emt 0:02:00]} 35. Qe3 {[%emt 0:00:28]} Qc5 {[%emt 0:01:21]} 36. Kg2 {[%emt 0:00:10]} Bb5 {[%emt 0:00:50]} 37. Qd2 {[%emt 0:01:17]} Bd7 {[%emt 0:00:11]} 38. Rc1 {[%emt 0:00:14]} Qc7 {[%emt 0:00:28]} 39. Qe2 {[%emt 0:00:32]} Qc5 {[%emt 0:00:18]} 40. Kg1 {[%emt 0:01:44]} Qe7 {[%emt 0:01:56]} 41. Qe3 {[%emt 0:11:13]} Qc5 {[%emt 0:00:19]} 42. Kg2 {[%emt 0:00:18]} Be8 {[%emt 0:05:53]} 43. Ra1 {[%emt 0:04:57]} Kf8 {[%emt 0:02:19]} 44. Ra8 {[%emt 0:04:43]} Kg8 {[%emt 0:02:02]} 45. Rxc8 {[%emt 0:02:33]} Qxc8 {[%emt 0:00:02]} 46. Qe1 {[%emt 0:01:25]} Qa8 {[%emt 0:01:37]} 47. Qb1 {[%emt 0:01:06]} Qa6 {[%emt 0:01:37]} 48. Qf1 {[%emt 0:03:48]} Qa5 {[%emt 0:02:05]} 49. Qd3 {[%emt 0:00:12]} Qc7 {[%emt 0:00:18]} 50. Qe3 {[%emt 0:00:51]} Qc5 {[%emt 0:01:02]} 51. Qd3 {[%emt 0:00:00]} Qc7 {[%emt 0:00:05]} 52. Qe3 {[%emt 0:03:38]} Qc5 {[%emt 0:00:02]} 1/2-1/2

[Event "AUT-ch Open 2020"]
[Site "Graz"]
[Date "2020.02.14"]
[Round "1.24"]
[White "Klings, Peter"]
[Black "Gajek, Radoslaw"]
[Result "0-1"]
[WhiteElo "2154"]
[BlackElo "2438"]
[Annotator "TA"]
[PlyCount "98"]
[EventDate "2020.02.14"]
[EventType "swiss"]
[EventCountry "AUT"]
[SourceTitle "playchess.com"]
[Source "ChessBase"]
[SourceQuality "1"]

{[%evp 15,98,0,29,20,52,51,47,58,47,38,55,32,14,-18,-3,-32,-16,-44,-45,-47,-25,-12,-13,-13,-12,-15,-18,-18,58,-76,-20,-13,-34,-47,147,142,167,175,222,67,62,0,0,0,0,0,0,0,0,-111,-38,-40,-32,-27,-12,-75,-85,-197,-183,-187,-195,-781,-775,-1027,-514,-675,-564,-1079,-1057,-1076,-442,-1047,-1034,-983,-322,-978,-937,-29962,-29957,-29977,-29976,-29993,-29994,-29994,-29995]} 1. Nf3 g6 2. c4 Bg7 3. Nc3 c5 4. g3 Nc6 5. Bg2 d6 6. O-O Nf6 7. d3 O-O 8. a3 e5 9. Rb1 {A38: Symmetrical English vs ...g6: 4 Bg2 Bg7 5 Nf3 Nf6.} Re8 10. Bg5 h6 11. Bxf6 {White is slightly better.} Bxf6 12. b4 Bg7 {[#]} 13. Nd2 $146 ({Predecessor:} 13. Ne1 f5 14. Nc2 e4 15. Qd2 Qf6 16. Nb5 Qe7 17. dxe4 Rd8 18. Ne3 fxe4 19. Nd5 {1-0 (34) Pavlovic,M (2471)-Pasku,S Nikea 2005}) 13... e4 14. b5 ({Don't play} 14. Ncxe4 f5 $17) 14... Ne7 $36 {[%mdl 2048] Black is pushing.} 15. Qc2 e3 $1 {[%cal Re3d2]} 16. Nb3 exf2+ 17. Rxf2 Nf5 18. Nd5 Be6 19. Qd2 h5 20. Nf4 Bc8 21. Be4 h4 (21... Nh6 $11) 22. Rg2 (22. g4 $14 Ne7 23. h3) 22... Bh6 ({Better is} 22... hxg3 $17 23. hxg3 a6) 23. a4 hxg3 {[%mdl 64] Remove Defender} 24. hxg3 Nxg3 $2 (24... a6 $15 {keeps the upper hand.}) 25. Rxg3 $16 {Hoping for Rf1.} Qh4 26. Rf3 $1 ({Avoid the trap} 26. Ng2 $2 Qxg3 27. Qxh6 Rxe4 $1 $19 {[%mdl 512]}) 26... Bg4 {[#]} 27. Ng2 $2 (27. Rf2 $1 $18) 27... Qh5 $14 28. Qe1 (28. Rf4 $14) 28... Rxe4 $1 $11 29. dxe4 {aiming for Qg3.} Bxf3 30. exf3 Qxf3 31. Nd2 Qd3 32. Nf1 (32. Rd1 $11) 32... Re8 (32... Bg7 $17 33. Nf4 Qxc4) 33. Ng3 $15 Qxc4 34. Qd1 Bg7 {Black wants to play ...Bd4+.} 35. Qb3 (35. Nf4 $11 {keeps the balance.}) 35... Qd4+ $17 {[%mdl 1024] Black has strong compensation.} 36. Kf1 {[#]} (36. Kh2 $17) 36... Re6 $1 $19 {[%cal Re6f6] And now ...Rf6+ would win.} 37. Ke2 Qe5 {Threatens to win with ...c4!} 38. Kd1 $2 {[#]} (38. Rg1) 38... c4 $1 {[%mdl 512]} 39. Qf3 (39. Qxc4 Qxg3) 39... Qd4+ 40. Kc2 {and the idea Ne2 leaves White hopeful.} Rf6 41. Nf4 {[#]} Rxf4 $1 {[%mdl 512]} 42. Qxf4 Qd3+ 43. Kc1 {[#]} Be5 $1 {[%mdl 512]} 44. Qf1 Qc3+ (44... Qxg3 $2 45. Qxc4 Qf2 46. Kd1 $17) 45. Kd1 Bxg3 46. Qe2 Bf4 {Black mates.} 47. Qc2 Qd4+ 48. Ke1 Qg1+ 49. Ke2 Qg2+ {Accuracy: White = 49%, Black = 76%.} 0-1

[Event "AUT-ch Open 2020"]
[Site "Graz"]
[Date "2020.02.14"]
[Round "1.25"]
[White "David, Alexandru-Vasile"]
[Black "Nolz, Tom"]
[Result "1-0"]
[WhiteElo "2436"]
[BlackElo "2153"]
[Annotator "TA"]
[PlyCount "87"]
[EventDate "2020.02.14"]
[EventType "swiss"]
[EventCountry "AUT"]
[SourceTitle "playchess.com"]
[Source "ChessBase"]
[SourceQuality "1"]

{[%evp 12,87,14,16,29,31,54,31,49,25,16,29,33,23,48,41,43,47,45,36,49,37,40,-12,46,37,64,57,81,63,70,75,80,97,100,64,58,37,139,139,162,175,221,185,364,207,238,181,172,168,187,169,260,252,222,170,200,127,127,109,487,512,493,390,505,387,492,491,454,336,366,342,838,499,457,483,410,414]} 1. d4 Nf6 2. c4 c6 3. Nc3 d5 4. Nf3 dxc4 5. a4 Bf5 6. e3 e6 7. Bxc4 h6 {D18: Slav Defence: 5 a4 Bf5 6 e3.} 8. O-O Bd6 9. Qe2 {[#] e4 is the strong threat.} (9. Re1 $5 {[%cal Re3e4]} Ne4 10. Bd3 Nxc3 11. bxc3 $14) 9... Ne4 {White is slightly better.} 10. Bd3 Nxc3 11. bxc3 Bxd3 12. Qxd3 {[#]} Nd7 $146 ({Predecessor:} 12... O-O 13. Ba3 Bxa3 14. Rxa3 Nd7 15. Qd1 {1-0 (15) Fischer,G (1921)-Doell,D (2048) Lueneburg 2016}) 13. Rb1 Rb8 14. e4 O-O 15. Rd1 Qa5 16. Be3 Rfd8 17. Nd2 {[#]} (17. c4 $14) 17... Bc7 (17... Nc5 $1 $11 {[%mdl 512]} 18. Qc2 (18. dxc5 Bxh2+) 18... Qxa4) 18. Qc2 $14 Nf6 19. e5 Nd5 20. Ne4 Nxe3 21. fxe3 b5 22. axb5 Rxb5 23. Ra1 Qb6 24. Qe2 $36 {[%mdl 2048] White is pushing.} Rb2 (24... Bxe5 $14 25. dxe5 Rxd1+ 26. Qxd1 (26. Rxd1 Rxe5 27. Nf2 Rxe3 $11) 26... Rxe5) 25. Qf3 $16 Bb8 26. Rf1 Qc7 27. Ra6 Rb6 $2 (27... Rf8 {might work better.} 28. Rxc6 Qb7) 28. Ra2 (28. Rxb6 $142 axb6 29. g4) 28... f5 $18 29. Nc5 Qe7 30. Qg3 Kh7 31. h4 g6 (31... Rb5 $142) 32. e4 Rg8 33. Qd3 Bxe5 34. exf5 gxf5 {Threatens to win with ...Bd6.} 35. Re2 Bg7 $2 {[%mdl 8192]} (35... Bg3 $16 {is a better chance.} 36. Rxe6 Qxh4 37. Qxf5+ Kh8 38. Qf6+ Qxf6 39. Rexf6 Rg4) 36. Nxe6 Kh8 37. Qxf5 {Black must now prevent Ng5.} Rb5 38. Qf2 Qd6 39. Qf3 Rbb8 40. h5 Qd5 41. Qd3 {Strongly threatening Nf4.} Be5 $2 (41... Qxh5 42. Nf4 Qg5) 42. Qf5 Bg7 43. Nxg7 Rxg7 44. Qf4 {[%mdl 64] Double Attack. Accuracy: White = 67%, Black = 49%.} 1-0

[Event "AUT-ch Open 2020"]
[Site "Graz"]
[Date "2020.02.14"]
[Round "1.26"]
[White "Pavlov, Mark"]
[Black "Niedbala, Bartlomiej"]
[Result "1/2-1/2"]
[WhiteElo "2152"]
[BlackElo "2432"]
[Annotator "TA"]
[PlyCount "62"]
[EventDate "2020.02.14"]
[EventType "swiss"]
[EventCountry "AUT"]
[SourceTitle "playchess.com"]
[Source "ChessBase"]
[SourceQuality "1"]

{[%evp 13,62,30,35,39,33,16,17,15,33,25,23,20,36,0,12,13,25,0,34,-6,-19,-33,-22,-31,52,-108,-65,-68,-59,-67,42,24,31,-117,-33,-25,0,-105,-109,-109,120,116,114,63,87,108,116,110,135,-24,69]} 1. d4 f5 2. c4 e6 3. Nc3 Bb4 4. Qc2 Nf6 5. e3 b6 6. Bd3 Bb7 7. f3 O-O 8. Nge2 {A85: Dutch Defence: 2 c4 Nf6 3 Nc3.} c5 9. O-O Nc6 10. a3 {The position is equal.} cxd4 11. exd4 Bd6 12. b4 Rc8 13. Be3 {[#]} Bb8 $146 ({Predecessor:} 13... Qe8 14. Nb5 Bb8 15. Qd2 a6 16. Nbc3 Ne7 17. Rfe1 Nh5 18. Nf4 g5 19. Nfe2 h6 {½-½ (25) Fischdick,G (2275)-Jahn,C (2175) Graz 1991}) 14. Qd2 Nh5 15. Bf2 Ne7 {[%cal Bc6e7,Be7g6,Bg6e5][%mdl 32]} 16. Rfd1 (16. Qg5 $5 {[%cal Rg5h5]} Qe8 17. Qd2 $11) 16... Ng6 17. d5 Ne5 18. c5 Qf6 (18... exd5 $15 19. cxb6 axb6) 19. Kf1 $2 (19. cxb6 $14 axb6 20. Bb5) 19... bxc5 20. bxc5 Nxd3 21. Qxd3 e5 (21... Bxh2 $15 22. Rab1 Ba8) 22. d6 {And now Rab1 would win.} e4 $1 {[%cal Re4d3]} 23. fxe4 (23. Qb5 $14 {stays ahead.} Bc6 24. Qb3+ Kh8 25. Nd5) 23... fxe4 (23... Rxc5 $1 $17 {Threatens to win with ...fxe4.} 24. Qf3 Re5) 24. Qe3 $1 $15 Qg6 25. Kg1 (25. Rab1 $1 $11 Bc6 26. Rb2) 25... Rf3 $1 $17 {[%cal Rf3e3]} 26. Qd4 {[#]} Rcf8 $2 (26... e3 $1 $17 {[%mdl 512]} 27. Bg3 (27. Bxe3 Rxe3) 27... Nxg3 28. Nxg3 Rf2) 27. Nd5 $1 $16 {[%cal Rd5e7] aiming for Ne7+.} Kh8 28. Bg3 $1 Bxd5 ({Wrong is} 28... Rxg3 $2 29. Nxg3 Nxg3 30. hxg3 $18) 29. Qxd5 Rd3 {[#]} 30. Rf1 $1 {[%cal Rf1f8][%mdl 512]} Re8 {[#]} ({Weaker is} 30... Rxd5 31. Rxf8#) 31. Qb7 $2 ({Better is} 31. Qc4 $1 $16) 31... Qe6 {Accuracy: White = 60%, Black = 53%.} ({Black should try} 31... Qg5 $11 32. Qxd7 Qxc5+ {[%mdl 64] Double Attack} 33. Bf2 Qc8) 1/2-1/2